| 000 | 00581nam a22001817a 4500 | ||
|---|---|---|---|
| 003 | OSt | ||
| 005 | 20130613120807.0 | ||
| 008 | 130402s2013 sp ||||| |||| 00| 0 spa d | ||
| 020 | _a9788475849027 | ||
| 040 | _cCDMR | ||
| 100 | 1 |
_93062 _aLledó Cunill, Eulàlia |
|
| 245 | 1 | 0 |
_aCambio lingüístico y prensa _b: problemas, recursos y perspectivas _cEulàlia Lledó Cunill |
| 260 |
_aBarcelona _bLaertes _c2013 |
||
| 650 | 0 | 4 |
_92326 _aPremsa i llenguatge |
| 650 | 0 | 4 |
_93768 _aSexisme en el llenguatge |
| 650 | 0 | 4 |
_93769 _aSexisme en els mitjans de comunicació de massa |
| 942 |
_2udc _cMON |
||
| 999 |
_c6045 _d6045 |
||